| 000 | 00370nam a22001337a 4500 | ||
|---|---|---|---|
| 003 | SGT | ||
| 082 |
_a617.601 _bO16S |
||
| 100 | _aASHIMA, SHARMA | ||
| 245 | _aORAL HEALTH STATUS AND TREATMENT NEEDS AMONG PRISONERS OF TIHAR JAIL NEW DELHI | ||
| 260 |
_aDELHI NCR _bSGT UNIVERSITY GURUGRAM _c2019 |
||
| 300 | _a1-96 | ||
| 650 | _aPUBLIC HEALTH DENTISTRY | ||
| 942 |
_2ddc _cTH |
||
| 999 |
_c17384 _d17384 |
||